00555nam a2200121Ia 4500008004100000100002000041245008600061245005400147260000900201300003500210440004800245650014000293171207s9999 xx 000 0 und d aZiff, Katherine a“There’s Beauty in Brokenness”: Teaching Empathy Through Dialogue with Art  cKatherine Ziff, Nathaniel Ivers & Kathleen Hutton c2017 apages 249-261, April-June 2017 aJournal of Creativity in Mental Healthv12: aAffective empathy, art, counselor education, counselors, creativity in counseling, imagination, reflection of feeling, teaching empathy